| 000 | 00573cam a2200181 a 4500 | ||
|---|---|---|---|
| 001 | 000003391 | ||
| 005 | 20200929150428.0 | ||
| 008 | 840217s1984 nyu 000 f spa | ||
| 020 | _a0871392461 | ||
| 040 |
_aDO-SdBNP _bspa _cBNPHU |
||
| 082 |
_a813.54 _bL925m |
||
| 100 | 1 |
_aLópez Heredia, José, _d1922- _910564 |
|
| 245 | 1 | 0 |
_aMilagro en el Bronx y otros relatos / _cJosé López Heredia. |
| 260 |
_aNew York, N.Y. : _bLas Américas, _c1984. |
||
| 300 |
_a159 p. ; _c22 cm. |
||
| 650 | 4 |
_aNovela estadounidense _9262 |
|
| 650 | 4 |
_aLiteratura estadounidense _ySIGLO XXI _910565 |
|
| 999 |
_c3221 _d3221 |
||